000 01659cam a2200325 a 4500
999 _c7932
_d7932
001 15570015
003 OSt
005 20200128101456.0
008 081229s2010 njua b 001 0 eng
010 _a 2008055739
020 _a9780136077619 (pbk.)
020 _a0136077617 (pbk.)
020 _a9788131727645
040 _aDLC
_cDLC
_dDLC
050 0 0 _aHD58.7
_b.R6 2010
082 0 0 _a658.3
_222
_bROB/E
100 _aRobbins, Stephen P
_d1943-
_91502
245 1 0 _aEssentials of organizational behavior /
_cStephen P. Robbins, Timothy A. Judge, Seema Sanghi.
250 _a10th ed.
260 _aUpper Saddle River, N.J. :
_bPrentice Hall,
_cc2010.
300 _axxiv, 327 p. :
_bill. (some col.) ;
_c23 cm.
500 _a"Pearson"--Cover p. [1].
504 _aIncludes bibliographical references and glindex.
505 0 _aIntroduction to organizational behavior -- Personality and values -- Perception and individual decision making -- Job attitudes -- Motivation concepts -- Motivation : from concepts to applications -- Emotions and moods -- Foundations of group behavior -- Understanding work teams -- Communication -- Leadership -- Power and politics -- Conflict and negotiation -- Foundations of organization structure -- Organizational culture -- Organizational change.
650 0 _aOrganizational behavior.
700 1 _aJudge, Tim
_91589
906 _a7
_bcbc
_corignew
_d1
_eecip
_f20
_gy-gencatlg
942 _2ddc
_cBK
_h658.3
_iROB/E
_k658.3
_mROB/E